banner koha

Frutos de clima temperado producoes da safra 1979/80 [Santa Catarina, Brasil] (Registro n. 41002)

MARC details
000 -LÍDER
campo de controle de tamanho fixo 01104nam a22003017a 4500
001 - NÚMERO DE CONTROLE
campo de controle BR8706765
003 - IDENTIFICADOR DO NÚMERO DE CONTROLE
campo de controle BR-BrBNA
005 - DATA E HORÁRIO DA ÚLTIMA TRANSAÇÃO
campo de controle 20230928092744.0
007 - CAMPO FIXO DE DESCRIÇÃO FÍSICA--INFORMAÇÃO GERAL
campo de controle de tamanho fixo ta
008 - CAMPO DE DADOS FIXOS--INFORMAÇÃO GERAL
campo de controle de tamanho fixo 230509b bl.||||| |||| 00| 0 por d
040 ## - FONTE DA CATALOGAÇÃO
Instituição da catalogação original BR-BrBNA
Idioma da catalogação por
Instituição que transcreveu o registro Biblioteca Nacional de Agricultura
041 ## - CÓDIGO DE IDIOMA
Código do idioma do texto/trilha sonora ou título diferente (Por)
072 ## - CÓDIGO DE CATEGORIA DE ASSUNTO
Código de Categoria de Assunto F01
Código do objeto 0700
-- 0900
-- /G514
090 ## - NÚMERO DE CHAMADA LOCAL
-- 0700 BR8706765
100 1# - ENTRADA PRINCIPAL--NOME PESSOAL
Nome pessoal Hentschke, R.
110 1# - ENTRADA PRINCIPAL--NOME CORPORATIVO
Nome corporativo ou nome da jurisdição Empresa de Assistencia Tecnica e Extensao Rural do Estado de Santa Catarina, Florianopolis (Brasil);
9 (RLIN) 4031
110 1# - ENTRADA PRINCIPAL--NOME CORPORATIVO
Nome corporativo ou nome da jurisdição Associacao de Credito e Assistencia Rural de Santa Catarina, Florianopolis (Brasil)
245 1# - TÍTULO
Título Frutos de clima temperado producoes da safra 1979/80 [Santa Catarina, Brasil]
260 3# - PUBLICAÇÃO, DISTRIBUIÇÃO, ETC.
Local de publicação, distribuição, etc. Florianopolis, SC (Brasil):
Data da publicação, distribuição, etc. 1980.
300 ## - DESCRIÇÃO FÍSICA
Extensão vp.
500 ## - NOTA GERAL
Nota geral [ca. 21]p.; 11 tables. (*) Documento disponível na(o) Empresa Catarinense de Pesquisa Agropecuaria, Florianopolis, SC (Brazil)
650 ## - ASSUNTO--TERMO TÓPICO
Cabeçalho tópico ou nome geográfico PRODUCAO VEGETAL
650 ## - ASSUNTO--TERMO TÓPICO
Cabeçalho tópico ou nome geográfico FRUTA DE CLIMA TEMPERADO
650 ## - ASSUNTO--TERMO TÓPICO
Cabeçalho tópico ou nome geográfico SAFRA
650 ## - ASSUNTO--TERMO TÓPICO
Cabeçalho tópico ou nome geográfico SANTA CATARINA
909 ## -
-- 202309
-- Lucia
-- 55
-- Lucia Elande
942 ## - ELEMENTOS DE ENTRADA ADICIONADOS (KOHA)
Tipo de material Koha Livros
Exemplares
Situação do descarte Fonte da classificação ou esquema de arquivamento na estante Situação física Não pode ser emprestado Biblioteca de origem Biblioteca atual Total de empréstimos Data de último acesso Número do exemplar Tipo de material Koha Nota pública Situação das perdas Data de aquisição Fonte de aquisição Qualificador de local codificado Custo, preço normal de compra Número do inventário Custo, preço de reposição Preço efetivo de
  Classificação AGRIS   INDISPONÍVEL Centro Cooperante Centro Cooperante   25/09/2023 01 Livros (*) Documento disponível na(o) Empresa Catarinense de Pesquisa Agropecuaria, Florianopolis, SC (Brazil) Em falta              

BINAGRI

Telefone: (61)3218-2567/2388/3357/2097 - binagri@agro.gov.br

Ministério da Agricultura e Pecuária , Esplanada dos Ministérios, Bloco D, Anexo B, Brasília/DF, CEP: 70.043-900